000 00609nam a22002297a 4500
003 UA-OsUOA
001 97125
007 ta
008 20130326b un ||||| |||| 00| 0 ukr d
100 _aКэндзабуро О.
090 _a821.521
_bК98
942 _cBK
040 _aUA-OsUOA
_brus
_cUA-OsUOA
_dUA-OsUOA
245 _aФутбол 1860 года
_bроман и рассказы
300 _a430 с.
955 _a3
041 _arus
080 _a821.521
260 _aМ.
_bНаука
_c1983
650 7 _a82 Література. Літературознавство
_2UDC
999 _c383379
_d383379